书目信息 |
| 题名: |
现代气候统计诊断与预测技术
|
|
| 作者: | 魏凤英 编著 | |
| 分册: | ||
| 出版信息: | 北京 气象出版社 2019重印 |
|
| 页数: | 296页 | |
| 开本: | 21cm | |
| 丛书名: | ||
| 单 册: | ||
| 中图分类: | P468.0 | |
| 科图分类: | ||
| 主题词: | 气候变化--qi hou bian hua--预测 , 气象资料--qi xiang zi liao--统计 | |
| 电子资源: | ||
| ISBN: | 978-7-5029-4299-1 | |
| 000 | 00828nam0 2200277 45 | |
| 001 | 012001000592 | |
| 005 | 20191108094202.84 | |
| 010 | @a978-7-5029-4299-1@dCNY45.00 | |
| 092 | @aCN@b华现07-06-083(无样) | |
| 099 | @aCAL 012007098155 | |
| 100 | @a20000411d2007 ekmy0chiy50 ea | |
| 101 | 0 | @achi |
| 102 | @aCN@b110000 | |
| 105 | @aak a 000yy | |
| 106 | @ar | |
| 200 | 1 | @a现代气候统计诊断与预测技术@Axian dai qi hou tong ji zhen duan yu yu ce ji shu@f魏凤英编著 |
| 205 | @a第2版 | |
| 210 | @a北京@c气象出版社@d2019重印 | |
| 215 | @a296页@c图@d21cm | |
| 320 | @a有书目。 | |
| 606 | 0 | @a气候变化@Aqi hou bian hua@x预测 |
| 606 | 0 | @a气象资料@Aqi xiang zi liao@x统计 |
| 690 | @aP468.0@v4 | |
| 701 | 0 | @a魏凤英@AWei Fengying@4编著 |
| 801 | 0 | @aCN@b北京卓展文化@c20191020 |
| 905 | @b1200678-81@dP468.0@e149=2@f4 | |
| 现代气候统计诊断与预测技术/魏凤英编著.-第2版.-北京:气象出版社,2019重印 |
| 296页:图;21cm |
| ISBN 978-7-5029-4299-1:CNY45.00 |
| ● |
| 相关链接 |
|
|
|
|
正题名:现代气候统计诊断与预测技术
索取号:P468.0/149=2
 
预约/预借
| 序号 | 登录号 | 条形码 | 馆藏地/架位号 | 状态 | 备注 |
| 1 | 1200678 | 212006782 | 第二样本阅览室/ [索取号:P468.0/149=2] | 在馆 | |
| 2 | 1200679 | 212006791 | 第三借阅区/ [索取号:P468.0/149=2] | 在馆 | |
| 3 | 1200680 | 212006808 | 第三借阅区/ [索取号:P468.0/149=2] | 在馆 | |
| 4 | 1200681 | 212006817 | 第三借阅区/ [索取号:P468.0/149=2] | 在馆 |